| 000 | 00793cab a2200265 4500 | ||
|---|---|---|---|
| 001 | ABS46531 | ||
| 008 | 090401t1992 xxu||||| |||| 00| 0 eng d | ||
| 035 | _a(Sirsi) u58695 | ||
| 041 | _aeng | ||
| 100 | _aWordsworth, P. | ||
| 245 | _aGreening of building maintenance | ||
| 260 | _c1992 | ||
| 350 | _a0 | ||
| 490 |
_aCS Monthly _bthe Building Surveyor _v1(9) June 1992, 9(1) |
||
| 520 | _aDescribes how building surveyors examine buildings with a view to analysing their environmental impact. | ||
| 650 | _aCOSHH REGULATIONS | ||
| 650 | _aENERGY EFFICIENCY | ||
| 650 |
_aRefurbishment _96264 |
||
| 650 | _aPREMISES AUDITS | ||
| 650 | _aWASTE MANAGEMENT | ||
| 690 | _aBUILT ENVIRONMENT-BUILDING INSPECTION | ||
| 690 |
_aEnvironment _96238 |
||
| 942 | _n0 | ||
| 948 | _c04/03/1997 | ||
| 999 |
_c35885 _d35885 |
||